A economia verde no contexto do desenvolvimento sustentv̀el A governanȧ dos atores pb︢licos e privados

Detalles Bibliográficos
Autor principal: Oliveira, Carina Costa de
Otros Autores: Sampaio, Rm̥ulo Silveira da Rocha
Formato: eBook
Lenguaje:portugués
Publicado: Rio de Janeiro : FGV - Direito Rio, 2011
Materias:
Acceso en línea:http://www.vlex.com/source/6825

MARC

LEADER 00000nam a22000007a 4500
005 20130129162444.0
007 cr|||| ||||
008 130129e2011 bl |||||s|||| 00||0 por d
020 |a 8563265156 
035 |a 6825 
040 |a vLex 
090 |c 3625  |d 3625 
100 1 0 |a Oliveira, Carina Costa de 
245 1 2 |a A economia verde no contexto do desenvolvimento sustentv̀el  |b A governanȧ dos atores pb︢licos e privados  |h [Recurso electrn̤ico] 
256 |a Servicio en ln̕ea 
260 |a Rio de Janeiro :  |b FGV - Direito Rio,   |c 2011 
300 |a 1 Recurso electrn̤ico 
650 0 4 |a Derecho del medio ambiente  |z Brasil 
650 0 4 |a Derecho mercantil y de la empresa  |z Brasil 
700 1 0 |a Sampaio, Rm̥ulo Silveira da Rocha 
740 |a vLex Libros (Servicio en ln̕ea) 
856 |a Acceso restringido  |u http://www.vlex.com/source/6825 
942 |c BOOK 
999 0 |a Environmental law